Zásady súkromného práva EÚ

Charakteristika zásad súkromného práva EÚ a ich funkcia. Všeobecné zásady práva Únie a osobitné zásady práva Únie. Zásada rovnakého zaobchádzania. Zásada právnej istoty, zásada legitímnej dôvery. Termín dobré mravy.

Salvato in:
Dettagli Bibliografici
Autore principale: Petríková, Lucia
Natura: Capitolo di libro
Lingua:slovacco
Soggetti:
Tags: Aggiungi Tag
Nessun Tag, puoi essere il primo ad aggiungerne!!

MARC

LEADER 00000naa a2200000 4500
001 0237893
005 20220805074310.1
041 0 |a slo 
044 |a SK 
245 1 0 |a Zásady súkromného práva EÚ  |c Lucia Petríková 
520 |a Charakteristika zásad súkromného práva EÚ a ich funkcia. Všeobecné zásady práva Únie a osobitné zásady práva Únie. Zásada rovnakého zaobchádzania. Zásada právnej istoty, zásada legitímnej dôvery. Termín dobré mravy. 
610 2 0 |a právo súkromné 
610 2 0 |a právo európske 
610 2 0 |a právo súkromné medzinárodné 
100 1 |a Petríková, Lucia